000 00510nam a2200181 a 4500
003 PILC
005 20150112093441.0
008 100724s19uu xx 00 eng d
020 _a0006367631
050 _aGV 995
_b.N539 1984
082 _aSpSF 796.342
_bN43 1983
100 _aNewcombe, John
_918733
245 _aBedside Tennis /
_cJohn Newcombe
260 _aGreat Britain :
_bElms Tree Books Ltd,
_c1984.
300 _a87 pages :
_billustration ;
_c19 cm.
650 _aTennis
_915511
942 _2lcc
_cBK
999 _c14740
_d14740